| 000 | 00425nam a2200181Ia 4500 | ||
|---|---|---|---|
| 003 | OSt | ||
| 005 | 20250819100104.0 | ||
| 008 | 250729s2005 xx 000 0 und d | ||
| 040 | _cAL | ||
| 041 | _aeng | ||
| 082 | _a370 MISC | ||
| 100 |
_aBarnes Blanche _9221442 |
||
| 245 | _aReading In psychlogy | ||
| 260 |
_aNew Delhi _bA P H Publishing _c2005 |
||
| 300 | _a310p | ||
| 650 |
_aEducation _9221443 |
||
| 942 |
_2ddc _cBED |
||
| 999 |
_c235013 _d235013 |
||